Steal a Brainrot Characters - Statistics

General Stats
  • This quiz has been taken 133 times
    55 since last reset
  • The average score is 18 of 280
Answer Stats
Rarity $/Second Price How to Get Answer % Correct
Common 1 25 Red Carpet Noobini Pizzanini
90%
Common 5 500 Red Carpet Tim Cheese
49%
Common 3 250 Red Carpet Lirili Larila
36%
Common 13 1,500 Red Carpet Pipi Kiwi
33%
Rare 25 3,000 No Longer in Game Tung Tung Tung Sahur
31%
Secret 1,500,000 500,000,000 Coffin Tung Tung Tung Sahur Tung Tung Tung Sahur
31%
Common 7 750 Red Carpet Fluriflura
23%
Common 14 1,700 Fuse Machine Pipi Corni
23%
OG 500,000,000 500,000,000,000 Red Carpet Strawberry Elephant
23%
Common 9 1,000 Red Carpet Talpa Di Fero
23%
OG 400,000,000 400,000,000,000 Red Carpet Meowl
21%
Common 10 1,200 Red Carpet Svinina Bombardino
21%
Rare 15 2,000 Red Carpet/Fishing Trippi Troppi
21%
Secret 2,500,000 500,000,000 Secret Lucky Block Pot Hotspot
18%
Common 12 1,300 Un-Obtainable Raccooni Jandelini
18%
Secret 7,500,000 1,200,000,000 Admin Lucky Block 67
15%
Legendary 300 50,000 Red Carpet Chimpanzini Bananini
15%
Secret 250,000,000 250,000,000,000 Red Carpet Dragon Cannelloni
15%
Rare 30 4,000 Red Carpet Gangster Footera
15%
Brainrot God 50,000 10,000,000 Matteo Event Matteo
15%
Rare 70 9,500 Fuse Machine Pipi Avocado
15%
Rare 55 7,500 Red Carpet Ta Ta Ta Ta Sahur
15%
Brainrot God 50,000 10,000,000 Red Carpet/Fishing Tralalero Tralala
15%
Legendary 500 100,000 Red Carpet Ballerina Cappuccina
13%
Rare 35 4,500 Red Carpet Bandito Bobritto
13%
Rare 40 5,000 Red Carpet Boneca Ambalabu
13%
Rare 60 8,000 Brainrot Trader Cupcake Koala
13%
Secret 30,000,000 3,500,000,000 Secret Lucky Block Esok Sekolah
13%
Secret 100,000,000 40,000,000,000 Brainrot Trader Fragrama and Chocrama
13%
Secret 23,500,000 3,200,000,000 Extinct Machine (Limited) La Extinct Grande
13%
Secret 24,000,000 2,600,000,000 Craft Machine Los Bros
13%
Secret 70,000,000 20,000,000,000 Brainrot Trader Los Spaghettis
13%
Brainrot God 100,000 25,000,000 Brainrot God LB/Fishing Orcalero Orcala
13%
Secret 60,000,000 15,000,000,000 Secret Lucky Block Spaghetti Tualetti
13%
Common 13 1,500 Witch Fuse Machine Tartaragno
13%
Secret 500,000 100,000,000 Witch Hour Event/Fishing Zombie Tralala
13%
Epic 225 35,000 Red Carpet Avocadini Guffo
10%
Secret 160,000,000 120,000,000,000 Red Carpet/Fishing Capitano Moby
10%
Secret 375,000 150,000,000 Admin Spawn Dul Dul Dul
10%
Secret 625,000 140,000,000 Extinct Event Extinct Matteo
10%
Secret 15,500,000 2,100,000,000 Fishing Fishino Clownino
10%
Mythic 1,400 350,000 Red Carpet Frigo Camelo
10%
Secret 50,000,000 10,000,000,000 Red Carpet Garama and Madundung
10%
Secret 175,000,000 150,000,000,000 Witch Fuse Machine Headless Horseman
10%
Secret 300,000 100,000,000 Admin Spawn Karkerkar Kurkur
10%
Secret 100,000,000 40,000,000,000 Spooky Lucky Block La Casa Boo
10%
Secret 125,000,000 50,000,000,000 Secret Lucky Block La Secret Combinasion
10%
Secret 24,500,000 2,900,000,000 Witch Hour (Limited) La Spooky Grande
10%
Secret 750,000 200,000,000 Ritual Las Vaquitas Saturnitas
10%
Secret 300,000 50,000,000 Red Carpet La Vacca Saturno Saturnita
10%
Secret 22,500,000 2,700,000,000 Los Lucky Blocks Los 67
10%
Secret 15,000,000 2,000,000,000 Admin LB/Los Lucky Block Los Combinasionas
10%
Secret 5,500,000 1,000,000,000 Taco Lucky Block Los Noo My Hotspotsitos
10%
Secret 30,000,000 3,000,000,000 Brainrot Trader Los Puggies
10%
Brainrot God 75,000 15,000,000 Red Carpet Odin Din Din Dun
10%
Legendary 1,300 315,000 Fuse Machine Pi Pi Watermelon
10%
Secret 13,000,000 1,800,000,000 Brainrot Trader Swag Soda
10%
Mythic 9,500 4,000,000 Red Carpet Te Te Te Sahur
10%
Epic 225 37,500 Fuse Machine Ti Ti Ti Sahur
10%
Secret 1,100,000 255,500,000 Ritual 1x1x1x1
8%
Epic 115 17,500 Red Carpet Avocadini Antilopini
8%
Mythic 3,000 600,000 Craft Machine Brutto Gialutto
8%
Epic 75 10,000 Red Carpet Cappuccino Assassino
8%
Mythic 7,500 2,500,000 Red Carpet Cavallo Virtuoso
8%
Brainrot God 45,000 8,500,000 Taco Lucky Block Chihuanini Taconini
8%
Brainrot God 250,000 45,000,000 Pinata Event Corn Corn Corn Sahur
8%
Secret 31,500,000 3,800,000,000 Witch Fuse Machine/Fishing Eviledon
8%
Secret 450,000 125,000,000 Extinct Event/Fishing Extinct Tralalero
8%
Secret 1,000,000 250,000,000 Red Carpet/Fishing Graipuss Medussi
8%
Secret 6,600,000 1,100,000,000 Ritual Guest 666
8%
Secret 42,500,000 7,500,000,000 Red Carpet Ketchuru and Musturu
8%
Secret 35,000,000 5,000,000,000 Red Carpet Ketupat Kepat
8%
Secret 10,000,000 1,000,000,000 Admin Lucky Block La Grande Combinasion
8%
Secret 17,500,000 2,500,000,000 Craft Machine Las Sis
8%
Secret 40,000,000 7,000,000,000 Fuse Machine La Supreme Combinasion
8%
Secret 8,500,000 1,400,000,000 Los Taco Blocks Los Burritos
8%
Secret 20,000,000 3,000,000,000 Red Carpet Los Hotspotsitos
8%
Secret 750,000 200,000,000 Ritual Los Karkeritos
8%
Secret 22,000,000 2,700,000,000 Witch Fuse Machine Los Mobilis
8%
Mythic 12,500 4,300,000 Craft Machine Los Noobinis
8%
Brainrot God 235,000 45,000,000 Ritual/Los LB/Fishing Los Orcalitos
8%
Secret 31,000,000 3,700,000,000 Craft Machine/Fishing Los Primos
8%
Secret 425,000 125,000,000 Ritual Los Spyderinis
8%
Secret 500,000 150,000,000 Red Carpet/Fishing Los Tralaleritos
8%
Epic 140 23,500 Craft Machine Malame Amarele
8%
Secret 12,500,000 1,700,000,000 Pinata Event Mariachi Corazoni
8%
Secret 26,000,000 2,700,000,000 Witch Fuse Machine Mieteteira Bicicleteira
8%
Secret 1,500,000 500,000,000 Red Carpet Noo My Hotspot
8%
Secret 40,000,000 7,000,000,000 Brainrot Trader/Fishing
Orcaledon
8%
Legendary 1,100 265,000 Red Carpet Pipi Potato
8%
Epic 250 40,000 Red Carpet Salamino Penguino
8%
Mythic 8,000 3,000,000 Brainrot Trader Stoppo Luminino
8%
Secret 33,500,000 4,500,000,000 Red Carpet Tang Tang Keletang
8%
Secret 27,500,000 3,000,000,000 Craft Machine/Fishing Tralaledon
8%
Brainrot God 150,000 25,000,000 Red Carpet Trenostruzzo Turbo 3000
8%
Secret 310,000 100,000,000 Craft Machine Trenostruzzo Turbo 4000
8%
Epic 125 20,000 Red Carpet/Fishing Trulimero Trulicina
8%
Secret 30,000,000 3,000,000,000 W or L Machine W or L
8%
Secret 425,000 80,000,000 Fuse Machine Agarini la Palini
5%
Brainrot God 18,500 6,000,000 Craft Machine Antonio
5%
Mythic 7,000 2,000,000 Fuse Machine Avocadorilla
5%
Brainrot God 200,000 35,000,000 Red Carpet Ballerino Lololo
5%
Epic 150 25,000 Red Carpet/Fishing Bananita Dolphinita
5%
Mythic 2,500 500,000 Red Carpet Bombardiro Crocodilo
5%
Mythic 5,000 1,000,000 Red Carpet Bombombini Gusini
5%
Epic 100 15,000 Red Carpet Brr Brr Patapim
5%
Epic 175 30,000 Red Carpet Brri Brri Bicus Dicus Bombicus
5%
Secret 4,000,000 850,000,000 Taco Lucky Block Burrito Bandito
5%
Rare 50 6,500 Red Carpet Cacto Hipopotamo
5%
Brainrot God 285,000 48,500,000 Spooky Lucky Block Cappuccino Clownino
5%
Mythic 13,500 4,500,000 Admin Lucky Block Carloo
5%
Mythic 15,000 4,700,000 Mythic Lucky Block Carrotini Brainini
5%
Secret 30,000,000 2,500,000,000 Chili Truck (Limited) Chillin Chili
5%
Secret 25,000,000 2,500,000,000 Taco Truck (Limited) Chipso and Queso
5%
Legendary 1,000 250,000 Brainrot Trader Clickerino Crabo
5%
Brainrot God 17,500 5,000,000 Red Carpet Cocofanto Elefanto
5%
Legendary 1,200 285,000 Fuse Machine Cocosini Mama
5%
Mythic 14,000 4,600,000 Craft Machine Elefanto Frigo
5%
Brainrot God 125,000 23,500,000 Extinct Event Extinct Ballerina
5%
Brainrot God 35,000 7,500,000 Admin Spawn Gattatino Neonino
5%
Brainrot God 165,000 32,500,000 Taco Lucky Block Gattito Tacoto
5%
Legendary 750 200,000 Red Carpet Glorbo Fruttodrillo
5%
Secret 2,700,000 650,000,000 Indonesia Event Horegini Boom
5%
Secret 315,000 80,000,000 Spooky Lucky Block Jackorilla
5%
Secret 700,000 175,000,000 Red Carpet Job Job Job Sahur
5%
Secret 650,000 150,000,000 Red Carpet/Fishing Las Tralaleritas
5%
Secret 35,000,000 5,000,000,000 Taco Truck (Limited) La Taco Combinasion
5%
Secret 850,000 225,000,000 Witch Hour Event (Limited) La Vacca Jacko Linterino
5%
Secret 45,000,000 30,000,000,000 Red Carpet Lavadorito Spinito
5%
Brainrot God 160,000 32,000,000 Los Taco Blocks Los Chihuaninis
5%
Secret 18,500,000 2,700,000,000 Brainrot Trader Los Planitos
5%
Secret 20,000,000 3,000,000,000 Spooky Lucky Block Los Spooky Combinasionas
5%
Brainrot God 210,000 37,500,000 Los Lucky Blocks Los Tungtungtungcitos
5%
Brainrot God 275,000 47,500,000 Admin Lucky Block Mastodontico Telepiedone
5%
Secret 21,000,000 2,600,000,000 Red Carpet Money Money Puggy
5%
Brainrot God 240,000 45,000,000 Craft Machine/Fishing Orcalita Orcala
5%
Legendary 1,200 300,000 Red Carpet Pandaccini Bananini
5%
Epic 300 45,000 Fuse Machine Penguino Cocosino
5%
Secret 1,000,000 250,000,000 Chili Truck Perrito Burrito
5%
Secret 2,500,000 600,000,000 Brainrot Trader Pirulitoita Bicicleteira
5%
Brainrot God 295,000 65,000,000 Brainrot God Lucky Block Pop Pop Sahur
5%
Secret 3,000,000 700,000,000 Frightrot Event Pot Pumpkin
5%
Secret 650,000 165,000,000 Spooky Lucky Block Pumpkini Spyderini
5%
Secret 3,000,000 700,000,000 Taco Lucky Block Quesadilla Crocodila
5%
Secret 325,000 75,000,000 Syderini Event Sammyni Spiderini
5%
Legendary 1,300 320,000 Craft Machine Signore Carapace
5%
Brainrot God 290,000 60,000,000 Frightrot Event Skull Skull Skull
5%
Secret 80,000,000 25,000,000,000 Witch Fuse Machine Spooky and Pumpky
5%
Brainrot God 75,000 20,000,000 No Longer in Game Statutino Libertino
5%
Legendary 1,100 275,000 Red Carpet Strawberrelli Flamingelli
5%
Secret 37,500,000 6,000,000,000 Red Carpet Tictac Sahur
5%
Secret 2,200,000 575,000,000 Red Carpet To To To Sahur
5%
Brainrot God 100,000 20,000,000 Red Carpet/Fishing Tralalita Tralala
5%
Rare 65 9,000 Red Carpet Tric Trac Baraboom
5%
Brainrot God 75,000 20,000,000 Admin Spawn/July 4th Unclito Samito
5%
Secret 500,000 110,000,000 Witch Fuse Machine Vulturino Skeletono
5%
Epic 275 42,500 Red Carpet Wombo Rollo
5%
Admin None 100,000,000 Admin Spawn Admin Lucky Block
3%
Brainrot God 85,000 17,500,000 Admin Lucky Block Alessio
3%
Brainrot God 280,000 48,000,000 Craft Machine Anpali Babel
3%
Epic 130 22,500 Red Carpet Bambini Crostini
3%
Brainrot God 275,000 47,500,000 Indonesia Event Bambu Bambu Sahur
3%
Epic 90 12,500 Craft Machine Bandito Axolito
3%
Mythic 16,500 4,900,000 Mythic Lucky Block Bannanito Bandito
3%
Secret 300,000 75,000,000 Red Carpet Bisonte Giuppitere
3%
Legendary 1,000 250,000 Red Carpet/Fishing Blueberrinni Octopusini
3%
Secret 525,000 115,000,000 Red Carpet/Fishing Boatito Auratito
3%
Legendary 1,800 345,000 Witch Fuse Machine Buho de Fuego
3%
Legendary 200 35,000 Red Carpet Burbaloni Loliloli
3%
Secret 150,000,000 75,000,000,000 Red Carpet Burguro and Fryuro
3%
Brainrot God 240,000 45,000,000 Red Carpet Cacasito Satalito
3%
Mythic 13,000 4,400,000 Red Carpet Cachorrito Melonito
3%
Brainrot God 155,000 31,000,000 Taco Lucky Block Capi Taco
3%
Legendary 1,000 255,000 Craft Machine Caramello Filtrello
3%
Secret 22,500,000 2,700,000,000 Craft Machine Celularcini Viciosini
3%
Mythic 15,500 4,800,000 Brainrot Trader Centrucci Nuclucci
3%
Secret 1,400,000 400,000,000 Brainrot Trader Cuadramat and Pakrahmatmamat
3%
Epic 260 41,000 Brainrot Trader Doi Doi Do
3%
Brainrot God 255,000 45,500,000 Craft Machine Dug Dug Dug
3%
Brainrot God 70,000 25,000,000 Admin Spawn Espresso Signora
3%
Secret 450,000 125,000,000 Craft Machine Fragola La La La
3%
Secret 700,000 175,000,000 Witch Hour Event (Limited) Frankentteo
3%
Epic 240 39,000 Witch Fuse Machine Frogato Pirato
3%
Brainrot God 20,000 7,500,000 Red Carpet Girafa Celestre
3%
Secret 27,500,000 2,800,000,000 Red Carpet Gobblino Uniciclino
3%
Secret 550,000 120,000,000 Admin Lucky Block Guerriro Digitale
3%
Brainrot God 150,000 30,000,000 Witch Fuse Machine Jacko Jack Jack
3%
Secret 475,000 110,000,000 Admin Spawn La Cucuracha
3%
Secret 2,000,000 550,000,000 Craft Machine La Sahur Combinasion
3%
Brainrot God 185,000 32,500,000 Craft Machine Las Capuchinas
3%
Legendary 650 175,000 Red Carpet Lionel Cactuseli
3%
Brainrot God 220,000 42,500,000 Admin Lucky Block/Los Lucky Block Los Bombinitos
3%
Brainrot God 55,000 12,500,000 Ritual Los Crocodilitos
3%
Secret 1,250,000 300,000,000 Los Taco Blocks Los Cucarachas
3%
Brainrot God 275,000 47,500,000 Los Taco Blocks Los Gattitos
3%
Secret 1,500,000 500,000,000 Los Lucky Blocks Los Jobcitos
3%
Admin None 250,000,000 Admin Spawn Los Lucky Blocks
3%
Secret 300,000 100,000,000 Ritual Los Matteos
3%
Secret 4,500,000 875,000,000 Los Taco Blocks Los Quesadillas
3%
Taco None 300,000,000 Admin Spawn Los Taco Blocks
3%
Secret 32,000,000 4,000,000,000 Craft Machine Los Tacoritas
3%
Secret 500,000 100,000,000 Los Lucky Blocks/Craft Los Tortus
3%
Mythic 11,500 4,200,000 Witch Fuse Machine Magi Ribbitini
3%
Epic 235 38,500 Craft Machine/Brainrot Trader Mangolini Parrocini
3%
Epic 325 47,500 Witch Fuse Machine Mummio Rappitto
3%
Brainrot God 280,000 67,000,000 Brainrot Trader Noo La Polizia
3%
Secret 5,000,000 900,000,000 Frightrot Event Noo My Candy
3%
Secret 1,700,000 525,000,000 Ritual Noo My Examine
3%
Secret 15,000,000 2,500,000,000 Red Carpet Nuclearo Dinossauro
3%
Mythic 1,700 400,000 Red Carpet Orangutini Ananassini
3%
Brainrot God 215,000 37,500,000 Red Carpet Pakrahmatmamat
3%
Brainrot God 225,000 40,500,000 Indonesia Event Pakrahmatmattina
3%
Epic 160 27,500 Red Carpet Perochello Lemonchello
3%
Brainrot God 225,000 40,000,000 Red Carpet Piccione Machina
3%
Rare 75 9,700 Witch Fuse Machine Pinealotto Fruttarino
3%
Legendary 1,500 330,000 Fishing Puffaball
3%
Legendary 1,200 310,000 Witch Fuse Machine Quackula
3%
Secret 3,500,000 750,000,000 Taco Truck (Limited) Quesadillo Vampiro
3%
Legendary 900 225,000 Red Carpet Quivioli Ameleonni
3%
Secret 6,000,000 1,100,000,000 Indonesia Event Rang Ring Bus
3%
Mythic 11,000 4,100,000 Craft Machine Rhino Helicopterino
3%
Legendary 1,300 325,000 Red Carpet Sigma Boy
3%
Legendary 1,800 340,000 Craft Machine/Brainrot Trader Sigma Girl
3%
Mythic 3,500 750,000 Mythic Lucky Block Spioniro Golubiro
3%
Spooky None 350,000,000 Frightrot Spooky Lucky Block
3%
Brainrot God 250,000 45,000,000 Craft Machine/Fishing Squalanana
3%
Taco None 50,000,000 Admin Spawn Taco Lucky Block
3%
Brainrot God 250,000 45,000,000 Red Carpet Tartaruga Cisterna
3%
Secret 2,000,000 550,000,000 Spooky Lucky Block Telemorte
3%
Brainrot God 60,000 15,000,000 Brainrot God Lucky Block Tigroligre Frutonni
3%
Brainrot God 75,000 20,000,000 Red Carpet Tipi Topi Taco
3%
Legendary 450 75,000 Craft Machine Tirilikalika Tirilikalako
3%
Secret 350,000 125,000,000 Secret Lucky Block Torrtuginni Dragonfrutini
3%
Secret 900,000 235,000,000 Spooky Lucky Block Trickolino
3%
Brainrot God 175,000 30,000,000 Red Carpet/Fishing Trippi Troppi Troppa Trippa
3%
Brainrot God 100,000 22,500,000 Fuse Machine Tukanno Bananno
3%
Secret 575,000 130,000,000 Ritual Yes My Examine
3%
Mythic 6,000 1,500,000 Mythic Lucky Block Zibra Zubra Zibralini
3%
Brainrot God 245,000 45,500,000 Red Carpet Aquanaut
0%
Brainrot God 290,000 60,000,000 Craft Machine/Fishing Belulu Beluga
0%
Secret 400,000 75,000,000 Red Carpet Blackhole Goat
0%
Brainrot God 225,000 50,000,000 Red Carpet Bombardini Tortinii
0%
Brainrot God None 15,000,000 Red Carpet Brainrot God Lucky Block
0%
Brainrot God 285,000 55,000,000 Admin Spawn Brasilini Berimbini
0%
Brainrot God 225,000 40,000,000 Fuse Machine Brr es Teh Patipum
0%
Brainrot God 205,000 25,000,000 Brainrot God Lucky Block Bulbito Bandito Traktorito
0%
Secret 400,000 85,000,000 Admin Spawn Chachechi
0%
Legendary 600 150,000 Red Carpet Chef Crabacadabra
0%
Secret 4,000,000 850,000,000 Red Carpet Chicleteirina Bicicleteirina
0%
Secret 3,500,000 750,000,000 Red Carpet Chicliteira Bicicleteira
0%
Secret None 500,000,000 Red Carpet Coffin Tung Tung Tung Sahur
0%
Brainrot God 235,000 46,000,000 Admin Lucky Block/Fishing Crabbo Limonetta
0%
Brainrot God 265,000 46,500,000 Witch Fuse Machine Frio Ninja
0%
Mythic 9,000 4,000,000 Fuse Machine Ganganzelli Trulala
0%
Mythic 7,700 2,700,000 Craft Machine Gorillo Subwoofero
0%
Mythic 8,000 3,000,000 Red Carpet Gorillo Watermelondrillo
0%
Brainrot God 260,000 46,000,000 Fishing Granchiello Spiritell
0%
Mythic 16,200 4,800,000 Witch Fuse Machine Jacko Spaventosa
0%
Secret 725,000 185,000,000 Craft Machine Karker Sahur
0%
Brainrot God 290,000 60,000,000 Indonesia Event Krupuk Pagi Pagi
0%
Secret 600,000 160,000,000 Craft Machine La Karkerkar Combinasion
0%
Mythic 8,700 3,500,000 Red Carpet Lerulerulerule
0%
Secret 7,000,000 1,200,000,000 Ritual Los Chicleteiras
0%
Brainrot God 260,000 46,000,000 Taco Lucky Block Los Tipi Tacos
0%
Brainrot God 65,000 17,500,000 Brainrot Trader Money Money Man
0%
Brainrot God 250,000 45,000,000 Spooky Lucky Block Mummy Ambalabu
0%
Mythic None 2,500,000 Red Carpet Mythic Lucky Block
0%
Brainrot God 270,000 47,000,000 Craft Machine Piccionetta Machina
0%
Mythic 2,100 450,000 Red Carpet Rhino Toasterino
0%
Secret None 750,000,000 Red Carpet Secret Lucky Block
0%
Brainrot God 250,000 45,000,000 Witch Fuse Machine Snailenzo
0%
Secret 16,500,000 2,200,000,000 Taco Truck (Limited) Tacorita Bicicleta
0%
Brainrot God 292,500 62,500,000 Witch Fuse Machine/Fishing Tentacolo Tecnico
0%
Mythic 7,500 1,700,000 Mythic Lucky Block Tigrilini Watermelini
0%
Mythic 8,500 3,500,000 Fuse Machine Tobi Tobi Tobi
0%
Mythic 16,000 4,800,000 Red Carpet Toiletto Focaccino
0%
Mythic 12,000 3,000,000 Red Carpet Tracoducotulu Delapeladustuz
0%
Brainrot God 230,000 42,500,000 Red Carpet Tractoro Dinosauro
0%
Brainrot God 150,000 30,000,000 Admin Spawn Urubini Flamenguini
0%
Brainrot God 125,000 24,500,000 Witch Hour Event Vampira Cappucina
0%
No matching quizzes found
Score Distribution
Percent of People with Each Score
Percentile by Number Answered
Your Score History
You have not taken this quiz since the last reset